Dinge, die pink sind - Statistiken

Allgemein
  • Dieses Quiz wurde 1.741 mal gespielt
  • Das Durchschnittsergebnis liegt bei 9 aus 16
Antwortstatistiken
Bildquiz Antwort % Korrekt
Rose
99%
Flamingo
98%
Seestern (Pisaster brevispinus)
98%
Among Us skin
92%
Flussdelfin
89%
Sakura, Kirschblüte
86%
Pink Grapefruit
78%
Axolotl
69%
Rothals-Flaumfußtaube
53%
Star Guardian Lux
46%
Lotus
39%
Stahlblaue Felsenagame
34%
Guave
25%
Rhododendron
19%
Rosalöffler
12%
Oleander
9%
Keine übereinstimmenden Quizze gefunden
Verteilung der Resultate
Anzahl Personen mit jedem Resultat
Perzentil nach korrekt beantworteten Fragen
Ihre Resultats-Entwicklung
Sie haben dieses Quiz noch nicht gespielt